| 000 | 00627nam a2200181Ia 4500 | ||
|---|---|---|---|
| 003 | GCL | ||
| 008 | 140319s9999 xx 000 0 ara d | ||
| 040 |
_aGCL / _cGCL |
||
| 082 | 0 | 4 |
_a811.96202 _bع ش |
| 100 | 1 | _aعمر شرف الدين | |
| 245 | 1 | 0 |
_aالشعر الدرامى عند الدكتور كمال اسماعيل مع عمل مسرحى ينشر لاول مرة : رسل التتار / _cعمر شرف الدين |
| 300 | _a139 ص | ||
| 490 | _a | ||
| 650 | 0 | 4 | _aالادب العربى |
| 650 | 0 | 4 | _aالشعر المسرحى - مصر |
| 650 | 0 | 4 | _aالمسرحيات العربية - مصر |
| 942 |
_2ddc _cBK |
||
| 999 |
_c47891 _d47891 |
||